[Event "American Continental Rapid 18th"]
[Site "Medellin"]
[Date "2024.06.01"]
[Round "5"]
[White "Guerrero, Hernando"]
[Black "Londono Lopez, Donaldo"]
[Result "0-1"]
[WhiteElo "1745"]
[BlackElo "2103"]
[PlyCount "66"]
[EventDate "2024.06.01"]
[EventType "swiss (rapid)"]
[EventRounds "9"]
[EventCountry "COL"]
[SourceTitle "CB23_2024"]
[SourceDate "2024.06.05"]
[SourceVersion "1"]
[SourceVersionDate "2024.06.05"]
[SourceQuality "1"]

1. d4 Nf6 2. Bg5 e6 3. e3 h6 4. Bxf6 Qxf6 5. Nd2 d5 6. Qf3 Qd8 7. Bd3 c6 8. Ne2 Nd7 9. c3 Nf6 10. e4 dxe4 11. Nxe4 Nxe4 12. Bxe4 Bd6 13. 0-0 Qc7 14. h3 0-0 15. Rad1 Re8 16. Bb1 Bf8 17. Qd3 g6 18. h4 h5 19. Ng3 Bg7 20. Ne2 e5 21. dxe5 Qxe5 22. Rfe1 Bf5 23. Qc4 Bxb1 24. Rxb1 Rad8 25. Ng3 Qxe1+ 26. Rxe1 Rxe1+ 27. Kh2 Be5 28. f4 Bc7 29. Nf1 Rdd1 30. Ng3 b5 31. Qb4 a5 32. Qc5 Bxf4 33. Kh3 Rh1+ 0-1

[Event "American Continental Blitz 18th"]
[Site "Medellin"]
[Date "2024.05.29"]
[Round "1"]
[White "Londono Lopez, Donaldo"]
[Black "Campo Jimenez, David"]
[Result "1-0"]
[WhiteElo "2103"]
[BlackElo "1688"]
[PlyCount "97"]
[EventDate "2024.05.29"]
[EventType "swiss (blitz)"]
[EventRounds "9"]
[EventCountry "COL"]
[SourceTitle "CB23_2024"]
[SourceDate "2024.06.05"]
[SourceVersion "1"]
[SourceVersionDate "2024.06.05"]
[SourceQuality "1"]

1. e4 c5 2. Nf3 d6 3. d4 cxd4 4. Nxd4 Nf6 5. Nc3 Nc6 6. Bg5 e6 7. Qd2 a6 8. 0-0-0 Bd7 9. Kb1 Be7 10. f3 h6 11. Be3 Qc7 12. h4 b5 13. g4 b4 14. Nce2 a5 15. Nxc6 Bxc6 16. Bg2 Nd7 17. Nd4 Ne5 18. g5 Nc4 19. Qf2 Nxe3 20. Qxe3 hxg5 21. hxg5 0-0-0 22. g6 Bf6 23. gxf7 Bxd4 24. Qxd4 Rxh1 25. Rxh1 Qxf7 26. Bh3 Qxf3 27. Bxe6+ Kb7 28. Qxg7+ Kb8 29. Rc1 Qxe4 30. Qe7 Re8 31. Qxd6+ Kb7 32. Bd7 Bxd7 33. Qxd7+ Kb6 34. Rd1 Qc6 35. Qd4+ Kb7 36. Rg1 Re7 37. b3 Rc7 38. Qd3 Rd7 39. Qf5 Rc7 40. Rg6 Qh1+ 41. Kb2 Qh8+ 42. Rf6 Rf7 43. Qd5+ Kb8 44. Qxf7 Ka8 45. Qf8+ Qxf8 46. Rxf8+ Kb7 47. Rf5 Kb6 48. c3 bxc3+ 49. Kxc3 1-0

[Event "American Continental Blitz 18th"]
[Site "Medellin"]
[Date "2024.05.29"]
[Round "3"]
[White "Londono Lopez, Donaldo"]
[Black "Mendoza Vega, Rafael Enrique"]
[Result "0-1"]
[WhiteElo "2103"]
[BlackElo "2235"]
[PlyCount "58"]
[EventDate "2024.05.29"]
[EventType "swiss (blitz)"]
[EventRounds "9"]
[EventCountry "COL"]
[SourceTitle "CB23_2024"]
[SourceDate "2024.06.05"]
[SourceVersion "1"]
[SourceVersionDate "2024.06.05"]
[SourceQuality "1"]

1. e4 e5 2. Nf3 Nc6 3. Bb5 a6 4. Ba4 d6 5. 0-0 Nge7 6. c4 g6 7. Nc3 Bg7 8. h3 0-0 9. d3 h6 10. Nd5 Nxd5 11. cxd5 Ne7 12. d4 exd4 13. Nxd4 Bd7 14. Bc2 c5 15. dxc6 Nxc6 16. Be3 Rc8 17. Rc1 Qf6 18. Ne2 Qxb2 19. Bb3 Na5 20. Bd5 Bc6 21. Rb1 Qf6 22. Bxc6 Rxc6 23. Nd4 Rcc8 24. Nf3 Qe6 25. Qa4 Nc4 26. Bd4 Qxe4 27. Bxg7 Kxg7 28. Rfe1 Qc6 29. Rbd1 Qxa4 0-1

[Event "American Continental 18th"]
[Site "Medellin"]
[Date "2024.05.28"]
[Round "7"]
[White "Londono Lopez, Donaldo"]
[Black "Fernandez Sanchez, Fernando Miguel"]
[Result "0-1"]
[WhiteElo "2103"]
[BlackElo "2402"]
[PlyCount "86"]
[EventDate "2024.05.24"]
[EventType "swiss"]
[EventRounds "11"]
[EventCountry "COL"]
[SourceTitle "CB23_2024"]
[SourceDate "2024.06.05"]
[SourceVersion "1"]
[SourceVersionDate "2024.06.05"]
[SourceQuality "1"]

1. e4 c5 2. Nf3 d6 3. d4 cxd4 4. Nxd4 Nf6 5. Nc3 a6 6. Bg5 e6 7. f4 Qb6 8. a3 Nbd7 9. Be2 Be7 10. Qd2 h6 11. Bxf6 Nxf6 12. 0-0-0 e5 13. Nf3 exf4 14. Qxf4 Be6 15. Nd4 Rc8 16. h4 0-0 17. g4 Rxc3 18. bxc3 d5 19. Bd3 dxe4 20. Bxe4 Bd6 21. Qe3 Nxg4 22. Qf3 Ne5 23. Qg2 Nc4 24. Rd3 Bf4+ 25. Kd1 Nb2+ 26. Ke2 Nxd3 27. cxd3 h5 28. Nxe6 fxe6 29. d4 Qb5+ 30. Kd1 Qb3+ 31. Qc2 Qxa3 32. Rf1 b5 33. Bh7+ Kh8 34. Bg6 b4 35. cxb4 Qxb4 36. Qd3 Qb2 37. Qc2 Qxd4+ 38. Qd3 Qe5 39. Qe4 Rd8+ 40. Ke2 Qb2+ 41. Kf3 Qc3+ 42. Kxf4 Rf8+ 43. Kg5 Qc5+ 0-1

[Event "American Continental 18th"]
[Site "Medellin"]
[Date "2024.05.25"]
[Round "3"]
[White "Oro, Faustino"]
[Black "Londono Lopez, Donaldo"]
[Result "1-0"]
[WhiteElo "2351"]
[BlackElo "2103"]
[PlyCount "71"]
[EventDate "2024.05.24"]
[EventType "swiss"]
[EventRounds "11"]
[EventCountry "COL"]
[SourceTitle "CB23_2024"]
[SourceDate "2024.06.05"]
[SourceVersion "1"]
[SourceVersionDate "2024.06.05"]
[SourceQuality "1"]

1. e4 c5 2. Nf3 d6 3. d4 cxd4 4. Nxd4 Nf6 5. Nc3 a6 6. Bd3 Nc6 7. Nxc6 bxc6 8. b3 g6 9. Bb2 Bg7 10. Qd2 0-0 11. 0-0-0 Be6 12. f4 Qa5 13. Kb1 Rfc8 14. Rhe1 Rc7 15. h3 c5 16. f5 Bc8 17. g4 c4 18. Bxc4 Rxc4 19. bxc4 Rb8 20. e5 Nd7 21. f6 Nxf6 22. exf6 Bxf6 23. Nb5 Qxd2 24. Rxd2 Bh4 25. Rxd6 Bb7 26. Rdd1 Bxe1 27. Rxe1 axb5 28. cxb5 Bg2 29. Rxe7 Bxh3 30. g5 Be6 31. a4 h5 32. gxh6 g5 33. Be5 Ra8 34. b6 Rxa4 35. b7 Rb4+ 36. Kc1 1-0

[Event "COL-ch sf"]
[Site "Pereira"]
[Date "2024.03.29"]
[Round "7"]
[White "Palencia Morales, Wilson Guillermo"]
[Black "Londono Lopez, Donaldo"]
[Result "0-1"]
[WhiteElo "2180"]
[BlackElo "2089"]
[PlyCount "118"]
[EventDate "2024.03.26"]
[EventType "swiss"]
[EventRounds "11"]
[EventCountry "COL"]
[SourceTitle "CB14_2024"]
[SourceDate "2024.04.01"]
[SourceVersion "1"]
[SourceVersionDate "2024.04.01"]
[SourceQuality "1"]

1. e4 c5 2. Nf3 d6 3. Bc4 Nf6 4. d3 e6 5. Bb3 Be7 6. 0-0 0-0 7. c3 a6 8. Re1 b5 9. Nbd2 Bb7 10. Bc2 Nbd7 11. Nf1 Qc7 12. Ng3 Rac8 13. h3 Rfe8 14. Bg5 Ne5 15. Nh2 Ng6 16. Bxf6 Bxf6 17. Nh5 Be5 18. g3 d5 19. Qg4 dxe4 20. dxe4 Rcd8 21. Rad1 Qc6 22. Nf3 Bc7 23. Rxd8 Rxd8 24. Qg5 Rd7 25. Nh2 Bd8 26. Qc1 Ne5 27. Rd1 c4 28. g4 Nd3 29. Bxd3 cxd3 30. Ng3 f5 31. Nhf1 fxe4 32. Ne3 Rf7 33. c4 Bb6 34. cxb5 Qxc1 35. Rxc1 axb5 36. Ngf1 Rc7 37. Rxc7 Bxc7 38. Nd2 Kf7 39. b3 Ba5 40. Nef1 Kf6 41. a4 bxa4 42. bxa4 Bd5 43. Kh2 Ke5 44. Kg3 g5 45. h4 h6 46. hxg5 hxg5 47. Nb1 Kd4 48. Na3 Bc7+ 49. Kh3 Bc6 50. Nb5+ Bxb5 51. axb5 Ba5 52. Kg2 d2 53. Ne3 Kd3 54. Kf1 Bb6 55. Nd1 Bd4 56. b6 Bxb6 57. Nb2+ Kc2 58. Ke2 Kxb2 59. Kxd2 Bxf2 0-1

[Event "COL-ch"]
[Site "Cartagena"]
[Date "2023.06.11"]
[Round "7"]
[White "Garcia, Juan Manuel"]
[Black "Londono Lopez, Donaldo"]
[Result "0-1"]
[WhiteElo "1784"]
[BlackElo "2071"]
[PlyCount "48"]
[EventDate "2023.06.08"]
[EventType "swiss"]
[EventRounds "9"]
[EventCountry "COL"]
[SourceTitle "CBM 215 Extra"]
[Source "ChessBase"]
[SourceDate "2023.09.30"]
[SourceVersion "1"]
[SourceVersionDate "2023.09.30"]
[SourceQuality "1"]

1. e4 c5 2. Nf3 d6 3. d4 cxd4 4. c3 Nf6 5. Bd3 dxc3 6. Nxc3 Nc6 7. 0-0 g6 8. Bb5 Bd7 9. Qb3 Bg7 10. e5 dxe5 11. Rd1 Qc8 12. Bg5 0-0 13. Rac1 Bg4 14. Bxf6 Bxf3 15. Bxc6 Bxd1 16. Qxb7 Qxb7 17. Bxb7 Rab8 18. Bxe7 Rfe8 19. Bd5 Rxe7 20. Nxd1 Rd8 21. Bc4 Bh6 22. Ne3 Bxe3 23. fxe3 Rd2 24. b4 Rc7 0-1